Fachwörterbuch = (Record no. 27220)
| 000 -BAŞLIK | |
|---|---|
| Sabit Uzunluktaki Kontrol Alanı | 01309nam a22003737a 4500 |
| 001 - KONTROL NUMARASI | |
| Control Dosyası | 0027286 |
| 003 - KONTROL NUMARASI KİMLİĞİ | |
| Kontrol Alanı | KOHA_MİRAKIL |
| 005 - EN SON İŞLEM TARİHİ ve ZAMANI | |
| Kontrol Alanı | 20260207002552.0 |
| 007 - FİZİKSEL TANIM SABİT ALAN - GENEL BİLGİ | |
| Sabit uzunluklu kontrol alanı | ta |
| 008 - SABİT UZUNLUKTAKİ VERİ ÖGELERİ - GENEL BİLGİ | |
| Sabit Alan | 160125b2010 tu |||grd|||#0|||0|ger | |
| 020 ## - ISBN - ULUSLARARASI STANDART KİTAP NUMARASI | |
| Isbn | 9783941897342 |
| Nitelik bilgileri | 9789756311172 |
| 040 ## - KATALOGLAMA KAYNAĞI | |
| Özgün Kataloglama Kurumu | TR-BiSEU |
| Kataloglama Dili | tur |
| Çeviri Kurumu | TR-BiSEU |
| Açıklama Kuralları | rda |
| 041 0# - DİL KODU | |
| Metin ya da ses kaydının dil kodu | eng |
| -- | ger |
| 044 ## - YAYINLAYAN/ÜRETEN KURULUŞUN ÜLKE KODU | |
| ISO country code | tu |
| 050 ## - SINIFLAMA ve YER NUMARASI | |
| Sınıflama Numarası | T9 |
| Yer Numarası | .T45 2010 |
| 240 10 - TEK BİÇİM BAŞLIK | |
| Tekbiçim Başlık | <a href="Teknik terimler sözlüğü">Teknik terimler sözlüğü</a> |
| Language of a work | İngilizce |
| 245 0# - ESER ADI BİLDİRİMİ | |
| Başlık | Fachwörterbuch = |
| Alt Eseradı vb. | Technical dictionary = |
| -- | Teknik terimler sözlüğü/ |
| Sorumluluk Bildirimi | Türkiye Belediyeler Birliği. |
| 264 #1 - ÜRERİM, YAYIN, DAĞITIM ve TELİF BİLDİRİMİ | |
| Yayın yeri | Ankara : |
| Yayınlayan | Türkiye Belediyeler Birliği |
| Yayın tarihi | 2010 |
| 300 ## - FİZİKSEL TANIMLAMA | |
| Sayfa, Cilt vb. | 520 sayfa ; |
| Boyutları | 30 cm. |
| 336 ## - İÇERİK TÜRÜ | |
| Content type term | metin |
| Content type code | txt |
| Source | rdacontent |
| 337 ## - MEDYA TÜRÜ | |
| Media type term | aracısız |
| Media type code | n |
| Source | rdamedia |
| 338 ## - TAŞIYICI TÜRÜ | |
| Carrier type term | cilt |
| Carrier type code | nc |
| Source | rdacarrier |
| 500 ## - GENEL NOT | |
| Genel Not | Deutsch-English-Turkish, |
| 500 ## - GENEL NOT | |
| Genel Not | English-Turkish-German, |
| 500 ## - GENEL NOT | |
| Genel Not | Türkçe-Almanca-İngilizce olarak 3 dilde hazırlanmıştır. |
| 650 #0 - KONU BAŞLIĞI EK GİRİŞ - KONU TERİMİ | |
| Konusal terim veya coğrafi ad | Technology--Dictionaries. |
| 9 (RLIN) | 28698 |
| 650 #0 - KONU BAŞLIĞI EK GİRİŞ - KONU TERİMİ | |
| Konusal terim veya coğrafi ad | German language--Dictionaries--Turkish. |
| 9 (RLIN) | 3473 |
| 650 #0 - KONU BAŞLIĞI EK GİRİŞ - KONU TERİMİ | |
| Konusal terim veya coğrafi ad | German language--Dictionaries--English. |
| 9 (RLIN) | 54084 |
| 650 #0 - KONU BAŞLIĞI EK GİRİŞ - KONU TERİMİ | |
| Konusal terim veya coğrafi ad | Technology--Dictionaries--Turkish. |
| 9 (RLIN) | 54085 |
| 650 #0 - KONU BAŞLIĞI EK GİRİŞ - KONU TERİMİ | |
| Konusal terim veya coğrafi ad | Technology--Dictionaries--English. |
| 9 (RLIN) | 54086 |
| 650 #0 - KONU BAŞLIĞI EK GİRİŞ - KONU TERİMİ | |
| Konusal terim veya coğrafi ad | Science--Dictionaries--Turkish. |
| 9 (RLIN) | 54087 |
| 907 ## - LOCAL DATA ELEMENT G, LDG (RLIN) | |
| a | Sözlük |
| 942 ## - EK GİRİŞ ÖGELERİ (KOHA) | |
| Source of classification or shelving scheme | Library of Congress Classification |
| Koha item type | Book |
| Materyal Türü | Kalıcı Konum | Mevcut Konum | Raf Yeri | Koleksiyon Kodu | Sınıflandırma Kaynağı | Edinim Bilgisi | Ana Konular | Alt Konular | Yer Numarası | Demirbaş Numarası | Fatura Tarihi | Geri Çekilme Durumu | Kayıp Durumu | Hasarlı Durumu | Kredi için değil | Kayıt Tarih | Toplam Ödünçverme | Son Görülme Tarihi | Son Kontrol Tarihi | Genel / Bağış Notu |
|---|---|---|---|---|---|---|---|---|---|---|---|---|---|---|---|---|---|---|---|---|
| Danışma Kaynakları | Prof. Dr. Azmi Özcan Kütüphanesi | Prof. Dr. Azmi Özcan Kütüphanesi | Birûni Salonu | Referans | Library of Congress Classification | Bağış | TEKNOLOJİ | Teknoloji (Genel) | T9 .T45 2010 | 0027286 | 02/02/2026 | Ödünç verilmez | 07/02/2011 | 05/12/2024 | 05/12/2024 | Genel Bağış | ||||
| Danışma Kaynakları | Prof. Dr. Azmi Özcan Kütüphanesi | Prof. Dr. Azmi Özcan Kütüphanesi | Birûni Salonu | Referans | Library of Congress Classification | Bağış | TEKNOLOJİ | Teknoloji (Genel) | T9 .T45 2010 | 0054935 | 02/02/2026 | Ödünç verilmez | 25/01/2016 | 05/12/2024 | 05/12/2024 | Genel Bağış |
